000 01177cab a2200265 4500
001 ABS58665
008 090401t1998 xxu||||| |||| 00| 0 eng d
035 _a(Sirsi) u86682
041 _aeng
100 _aHelps, D.
245 4 _aThe new JCT80
260 _c1998
350 _a0
490 _aBuilding
_v263(8041) 29 May 1998, 42-43(2)
520 _aAnalyses how the JCT 1980 Amendment 18 implements the legislation contained in the Housing Grants Construction & Regeneration Act 1996. Sets out new introductions and changes to current contractual procedure made through the Amendment, including an information release schedule, advance agreement of variations, and simple interest on overdue payments.
650 _aMANAGEMENT-DISPUTE AVOIDANCE, MANAGEMENT AND RESOLUTION-DISPUTE MANAGEMENT AND RESOLUTION-ALTERNATIVE DISPUTE RESOLUTION-ADJUDICATION
650 _aBUILT ENVIRONMENT-BUILDING CONTRACT FORMS
650 _aHOUSING GRANTS CONSTRUCTION AND REGENERATION ACT 1996
650 _aJCT1980 AMENDMENT 18
650 _aLATE PAYMENTS
650 _aVARIATIONS
690 _aBUILT ENVIRONMENT-BUILDING CONTRACT FORMS
942 _n0
948 _c08/06/1998
999 _c54582
_d54582